Capacidad de recuperacin̤ empresarial

Detalles Bibliográficos
Autor principal: Bishop, Toby J.F
Otros Autores: Mantilla Blanco, Samuel Alberto
Formato: eBook
Lenguaje:español
Publicado: Bogot:̀ ECOE, 2010
Materias:
Acceso en línea:Acceso restringido

MARC

LEADER 00000nam a22000007a 4500
005 20220216212259.0
007 cr|||| |||
008 220216s2020 co |||||s|||| 00||0 spa d
020 |a 9781449230814 
035 |a 35825 
040 |a vLex 
090 |c 13002  |d 13002 
100 1 |a Bishop, Toby J.F. 
245 1 0 |a Capacidad de recuperacin̤ empresarial  |h [Recurso electrn̤ico] /  |c Toby J.F Bishop 
256 |a Servicio en ln̕ea 
260 |a Bogot:̀  |b ECOE,  |c 2010 
300 |a 1 recurso electrn̤ico 
506 1 |a Disponible solo en los productos indicados  |d vLex Global  |d vLex Global (Academic Edition, excluding Law Schools)  |d vLex Global (U.S. Academic Edition, Law Schools)  |d vLex Global (U.S. Academic Edition, excluding Law Schools)  |d vLex Global (Academic Edition, Law Schools) 
650 0 4 |a Financiero  |z Colombia 
700 1 |a Mantilla Blanco, Samuel Alberto 
740 0 |a vLex Libros (Servicio en ln̕ea) 
856 4 0 |u https://app.vlex.com/#/sources/35825  |z Acceso restringido 
942 |c BOOK 
999 0 |a Financial